Bank Mechanisation: Computers in Banking Operations (Record no. 1161)
[ view plain ]
| 000 -LEADER | |
|---|---|
| fixed length control field | 00528nam a2200181Ia 4500 |
| 003 - CONTROL NUMBER IDENTIFIER | |
| control field | OSt |
| 005 - DATE AND TIME OF LATEST TRANSACTION | |
| control field | 20220830092728.0 |
| 008 - FIXED-LENGTH DATA ELEMENTS--GENERAL INFORMATION | |
| fixed length control field | 220830b |||||||| |||| 00| 0 eng d |
| 040 ## - CATALOGING SOURCE | |
| Transcribing agency | IFM Library |
| 082 ## - DEWEY DECIMAL CLASSIFICATION NUMBER | |
| Classification number | 332.17 |
| 100 ## - MAIN ENTRY--PERSONAL NAME | |
| Personal name | Bajwa, K. S. |
| 9 (RLIN) | 2626 |
| 245 ## - TITLE STATEMENT | |
| Title | Bank Mechanisation: Computers in Banking Operations |
| 260 ## - PUBLICATION, DISTRIBUTION, ETC. | |
| Place of publication, distribution, etc. | New Delhi: |
| Name of publisher, distributor, etc. | Skylark Publications, |
| Date of publication, distribution, etc. | 1986 |
| 300 ## - PHYSICAL DESCRIPTION | |
| Extent | xv, 244p.:ill. ; 22cm |
| 500 ## - GENERAL NOTE | |
| General note | Includes Bibliographical Details and Index |
| 650 ## - SUBJECT ADDED ENTRY--TOPICAL TERM | |
| Topical term or geographic name entry element | Commercial banking |
| 9 (RLIN) | 2572 |
| 942 ## - ADDED ENTRY ELEMENTS (KOHA) | |
| Koha item type | Books |
| Source of classification or shelving scheme | Dewey Decimal Classification |
| Suppress in OPAC | No |
| Withdrawn status | Lost status | Damaged status | Not for loan | Collection code | Home library | Current library | Shelving location | Date acquired | Total Checkouts | Full call number | Barcode | Date last seen | Price effective from | Koha item type | Source of classification or shelving scheme | Source of acquisition |
|---|---|---|---|---|---|---|---|---|---|---|---|---|---|---|---|---|
| Non-fiction | IFM Main Campus Library | IFM Main Campus Library | Archival Collection | 09/10/2021 | 332.170954 BAJ | 0000000733 | 05/15/2015 | 02/19/2022 | Books | |||||||
| Non-fiction | IFM Main Campus Library | IFM Main Campus Library | Special Reserve Collection | 08/30/2022 | 332.170954 BAJ | 0000000732 | 09/13/2016 | 02/19/2022 | Books | Dewey Decimal Classification | Purchase |
